ბათუმის შოთა რუსთაველის სახელმწიფო უნივერსიტეტის ბიბლიოთეკა

ცისკარი 2011 №11 (ბიბ.ჩანაწერი № 41352)

000 -LEADER
fixed length control field 00586nam a2200193Ia 4500
001 - CONTROL NUMBER
control field 8010
003 - CONTROL NUMBER IDENTIFIER
control field GE_BSU
008 - FIXED-LENGTH DATA ELEMENTS--GENERAL INFORMATION
fixed length control field 181216s||||||||xx |||||||||||||| ||und||
040 ## - CATALOGING SOURCE
Transcribing agency GE_BSU
245 ## - TITLE STATEMENT
Title ცისკარი 2011 №11
245 ## - TITLE STATEMENT
Remainder of title ქართული სიტყვიერებითი ჟურნალი
245 ## - TITLE STATEMENT
Statement of responsibility, etc. რედ.სერგი კაკალაშვილი
260 ## - PUBLICATION, DISTRIBUTION, ETC.
Place of publication, distribution, etc. თბილისი
260 ## - PUBLICATION, DISTRIBUTION, ETC.
Name of publisher, distributor, etc. ცისკარი
260 ## - PUBLICATION, DISTRIBUTION, ETC.
Date of publication, distribution, etc. 2011
300 ## - PHYSICAL DESCRIPTION
Extent 124გვვ.29 სმ.
653 ## - INDEX TERM--UNCONTROLLED
Uncontrolled term ცისკარი
942 ## - ADDED ENTRY ELEMENTS (KOHA)
Koha item type პერიოდიკა
ეგზემპლარები
Withdrawn status Lost status Damaged status Not for loan Date acquired Barcode Date last seen Price effective from Koha item type
        2018-12-17 75866 2018-12-17 2018-12-17 პერიოდიკა
        2018-12-17 75864 2018-12-17 2018-12-17 პერიოდიკა
        2018-12-17 75865 2018-12-17 2018-12-17 პერიოდიკა